Statistics for Welcome To New York (TV) - Taylor Swift (All Lyrics)

Click here to take the quiz!

General Stats

  • This quiz has been taken 50 times
  • The average score is 296 of 324

Answer Stats

Lyrics% Correct
I
100%
(New
100%
new
100%
New
100%
to
100%
we
100%
welcome
100%
Welcome
100%
"Welcome
100%
York
100%
York,
100%
York,)
100%
a
97%
The
97%
the
97%
they
97%
waitin'
97%
you
97%
you"
97%
been
94%
for
94%
it
94%
It's
94%
it's
94%
me,
94%
me
94%
so
94%
this
94%
are
91%
can
91%
could
91%
and
89%
And
89%
ever
89%
never
89%
on
89%
said
89%
When
89%
any
86%
beat,
86%
beat
86%
before
86%
bright,
86%
but
86%
But
86%
is
86%
know
86%
lights
86%
love,
86%
anything,
83%
anything
83%
blind
83%
dance
83%
here
83%
Like
83%
more
83%
of
83%
somethin'
83%
sound
83%
soundtrack,
83%
Everybody
80%
keeps
80%
our
80%
under
80%
want
80%
wanted
80%
who
80%
boys
77%
Boys
77%
girls
77%
guessing
77%
hadn't
77%
heard
77%
in
77%
someone
77%
through
77%
wouldn't
77%
crowd,
74%
else
74%
first
74%
real
74%
Searchin'
74%
village
74%
Walkin'
74%
was
74%
change
71%
changing
71%
dropped
71%
true
71%
bags
69%
forevermore
69%
Took
69%
aglow
66%
floors
66%
put
66%
them
66%
apartment
63%
crazy
63%
drives
63%
heartbeats
63%
Kaleidoscope
63%
broken
60%
coats
60%
drawer
60%
great
60%
hearts,
60%
loud
60%

Score Distribution

Percentile by Number Answered

Percent of People with Each Score

Your Score History

You have not taken this quiz